Partidos e sistemas partidários /
Zapisane w:
| 1. autor: | |
|---|---|
| Format: | Książka |
| Wydane: |
Madrid, España :
Alianza,
1980, c1980
|
| Seria: | (Alianza Universidad ;
267) |
| Hasła przedmiotowe: | |
| Etykiety: |
Nie ma etykietki, Dołącz pierwszą etykiete!
|
MARC
| LEADER | 00000nam^a2200000^a^4500 | ||
|---|---|---|---|
| 001 | 000216687 | ||
| 005 | 20250521000000.0 | ||
| 009 | 20260310103659.568 | ||
| 020 | |a 84-206-2267-2 | ||
| 020 | |a 84-206-2977-4 | ||
| 035 | |a 039488 | ||
| 037 | |a Acervo Xavier Clavigero | ||
| 082 | |a 324. 2 |b SAR V. 1 | ||
| 100 | |a Sartori, Giovanni |e (autor) | ||
| 240 | 1 | 1 | |a [Partidos y sistemas de partidos] |
| 245 | 1 | 0 | |a Partidos e sistemas partidários / |c G. Sartori ; tr. por Fernando Santos Fontela. |
| 264 | 4 | |a Madrid, España : |b Alianza, |c 1980, c1980 | |
| 300 | |a 414 p. | ||
| 336 | |a texto |b txt |2 rdacontenido | ||
| 337 | |a sin mediación |b n |2 rdamedio | ||
| 338 | |a volumen |b nc |2 rdasoporte | ||
| 440 | |a (Alianza Universidad ; |v 267) | ||
| 500 | |a Traducción de: Parties and Party Systems, V. 1. A Framework for Analysis | ||
| 649 | |a XX | ||
| 650 | |a Partidos Políticos - |x Teoría - |x Tema Principal | ||
| 650 | |a Instituciones Políticas | ||
| 650 | |a Sistema Político | ||
| 650 | |a Política - |x Teoría | ||
| 910 | |a Fondo General | ||
| 920 | |a Impresos - Libros | ||
| 930 | |a Colección General | ||
| 905 | |a 101 | ||
| 901 | |a 039488 |b IT1 |c ACC |i 039488 |u 20250521 | ||
| 901 | |a 018494 |b IT1 |c ACC |i 018494 |u 20250521 | ||
| 902 | |a https://opac.biblio.iteso.mx/vufind/Record/000216687 | ||